Ben bir çizgiyim / (Record no. 200452361)
[ view plain ]
| 000 -LEADER | |
|---|---|
| fixed length control field | 00883nam a2200301 4500 |
| 001 - CONTROL NUMBER | |
| control field | 200452361 |
| 003 - CONTROL NUMBER IDENTIFIER | |
| control field | TR-AnTOB |
| 005 - DATE AND TIME OF LATEST TRANSACTION | |
| control field | 20230301160623.0 |
| 007 - PHYSICAL DESCRIPTION FIXED FIELD--GENERAL INFORMATION | |
| fixed length control field | ta |
| 008 - FIXED-LENGTH DATA ELEMENTS--GENERAL INFORMATION | |
| fixed length control field | 230301s2020 tu a|||j |||| 00| j tur d |
| 020 ## - INTERNATIONAL STANDARD BOOK NUMBER | |
| International Standard Book Number | 9789754990904 |
| 040 ## - CATALOGING SOURCE | |
| Original cataloging agency | TR-AnTOB |
| Language of cataloging | eng |
| Description conventions | rda |
| Transcribing agency | TR-AnTOB |
| 041 0# - LANGUAGE CODE | |
| Language code of text/sound track or separate title | Türkçe |
| 092 ## - LOCALLY ASSIGNED DEWEY CALL NUMBER (OCLC) | |
| Classification number | 398.27 |
| Item number | ÖĞMb 2020 |
| 100 1# - MAIN ENTRY--PERSONAL NAME | |
| Personal name | Öğmel, Ümit. |
| Relator term | author |
| -- | illustrator |
| 245 10 - TITLE STATEMENT | |
| Title | Ben bir çizgiyim / |
| Statement of responsibility, etc. | Yazan ve Resimleyen: Ümit Öğmel. |
| 250 ## - EDITION STATEMENT | |
| Edition statement | 8. baskı |
| 260 ## - PUBLICATION, DISTRIBUTION, ETC. | |
| Place of publication, distribution, etc. | Ankara : |
| Name of publisher, distributor, etc. | Kök Yayıncılık, |
| Date of publication, distribution, etc. | 2020. |
| 300 ## - PHYSICAL DESCRIPTION | |
| Extent | 32 pages : |
| Other physical details | illustrations ; |
| Dimensions | 21 cm. |
| 336 ## - CONTENT TYPE | |
| Source | rdacontent |
| Content type term | text |
| Content type code | txt |
| 337 ## - MEDIA TYPE | |
| Source | rdamedia |
| Media type term | unmediated |
| Media type code | n |
| 338 ## - CARRIER TYPE | |
| Source | rdacarrier |
| Carrier type term | volume |
| Carrier type code | nc |
| 490 0# - SERIES STATEMENT | |
| Series statement | Öykü Dizisi. |
| 653 ## - INDEX TERM--UNCONTROLLED | |
| Uncontrolled term | Çocuk edebiyatı |
| -- | Sorular |
| -- | Yazı |
| -- | Çizim |
| 942 ## - ADDED ENTRY ELEMENTS (KOHA) | |
| Source of classification or shelving scheme | Dewey Decimal Classification |
| Koha item type | Book |
| Withdrawn status | Lost status | Source of classification or shelving scheme | Not for loan | Collection code | Home library | Current library | Shelving location | Date acquired | Total Checkouts | Full call number | Barcode | Date last seen | Copy number | Date shelved | Koha item type |
|---|---|---|---|---|---|---|---|---|---|---|---|---|---|---|---|
| Dewey Decimal Classification | Ödünç Verilebilir / Available | College Pre-1st Collection | TOBB ETÜ Koleji | TOBB ETÜ Koleji | College Pre-1st Collection | 01/03/2023 | 398.27 ÖĞMb 2020 | K00849 | 01/03/2023 | 1 | 01/03/2023 | Book |
